Cieľovo-programový prístup vo vedecko-technickom rozvoji
Enregistré dans:
| Auteur principal: | |
|---|---|
| Format: | Livre |
| Langue: | slovaque |
| Publié: |
Bratislava
Alfa
1988
|
| Édition: | 1. vyd. |
| Collection: | Edícia ekonomickej literatúry
|
| Tags: |
Pas de tags, Soyez le premier à ajouter un tag!
|
MARC
| LEADER | 00000nam a2200000 4500 | ||
|---|---|---|---|
| 001 | c022523 | ||
| 005 | 20230116100343.2 | ||
| 041 | 0 | |a slo | |
| 044 | |a SK | ||
| 245 | 1 | 0 | |a Cieľovo-programový prístup vo vedecko-technickom rozvoji |c Viera Bacová |
| 250 | |a 1. vyd. | ||
| 264 | 1 | |a Bratislava |b Alfa |c 1988 | |
| 300 | |a 272 s. | ||
| 490 | 1 | |a Edícia ekonomickej literatúry | |
| 830 | 0 | |a Edícia ekonomickej literatúry | |
| 100 | 1 | |a Bacová, Viera | |